Production Technology / (Record no. 196850)

MARC details
000 -LEADER
fixed length control field 00618nam a22001937a 4500
005 - DATE AND TIME OF LATEST TRANSACTION
control field 20230802121602.0
010 ## - LCCN (DPL NO)
LC control number ENG-137662
020 ## - INTERNATIONAL STANDARD BOOK NUMBER
International Standard Book Number 9788195391967
Terms of availability 361.00
035 ## - SYSTEM CONTROL NUMBER
System control number EN-121194
037 ## - SOURCE OF ACQUISITION
Source of stock number/acquisition SriKrishna Techno Books
082 ## - DEWEY DECIMAL CLASSIFICATION NUMBER
Classification number 634.04954
100 ## - MAIN ENTRY--PERSONAL NAME
Personal name Chaitanya,K
245 ## - TITLE STATEMENT
Title Production Technology /
Statement of responsibility, etc by K.Chaitanya,K.Sravanthi
260 ## - PUBLICATION, DISTRIBUTION, ETC. (IMPRINT)
Place of publication, distribution, etc Hyderabad
Name of publisher, distributor, etc SriKrishna Techno Books
Date of publication, distribution, etc 2022
270 ## - ADDRESS
Address 326/C, Level - 7, Near B K Guda Park, S R Nagar, Hyderabad
City Hyderabad
Postal code 500038
300 ## - PHYSICAL DESCRIPTION
Extent 280p.
Other physical details ill.
Dimensions 24cm(pbk)
700 ## - ADDED ENTRY--PERSONAL NAME
Personal name Sravanthi,K
942 ## - ADDED ENTRY ELEMENTS (KOHA)
Source of classification or shelving scheme Dewey Decimal Classification
Item type English Books
Classification part 634.04954
Call number suffix CHA
Holdings
Withdrawn status Lost status Not for loan Collection code Home library Current library Date acquired Source of acquisition Cost, normal purchase price Full call number Barcode Copy number Cost, replacement price Koha item type
      Non-fiction Kadipur Kadipur 02/08/2023 DBAD/PUB 361.00 634.04954 CHA EN-121194 1 361.00 English Books

© Delhi Public Library
Hit Counter
free hit counter